Los archivos otomanos y la cuestión Armenia

Պահպանված է:
Մատենագիտական մանրամասներ
Հիմնական հեղինակ: Ataöv, Türkkaya (Հեղինակ)
Ձևաչափ: Գիրք
Լեզու:իսպաներեն
Հրապարակվել է: Ankara Universidad de Ankara 1986
Խորագրեր:
Ցուցիչներ: Ավելացրեք ցուցիչ
Չկան պիտակներ, Եղեք առաջինը, ով նշում է այս գրառումը!

MARC

LEADER 00000nam a2200000 a 4500
001 UCX4656
003 CL-VaPUC
008 920701e19860000TU |||||||||||||||||spa|d
082 0 4 |a 956.6  |b ATA  |2 21 
100 0 |a Ataöv, Türkkaya  |e author  |9 320900 
245 1 4 |a Los archivos otomanos y la cuestión Armenia 
300 |a 39 p 
942 |c BK 
945 |d 19920701 00:00:00 
260 |a Ankara  |b Universidad de Ankara  |c 1986 
650 7 |a CUESTION ARMENIA  |2 CL-VaPUC  |9 320901 
651 7 |a ARMENIA  |2 CL-VaPUC  |9 320902 
583 |a last modification  |c 19920701 00:00:00  |k Rodrigo Vera 
999 |c 225069  |d 225067 
952 |0 0  |1 0  |4 0  |6 956_600000000000000_ATA_1986  |7 0  |8 A  |9 222247  |a BIBHIS  |b BIBHIS  |d 2019-11-15  |i 2910918  |o 956.6 ATA 1986  |p 2910918  |r 2025-01-20  |w 2019-11-15  |y BK  |k HIS